Central Library OPAC University of Rajshahi

Kashmir in transition, 1885-1893 / (Record no. 27788)

MARC details
000 -LEADER
fixed length control field 00748nam a2200241 i 4500
001 - CONTROL NUMBER
control field 27788
003 - CONTROL NUMBER IDENTIFIER
rucl marc code BD-RjUL
005 - DATE AND TIME OF LATEST TRANSACTION
control field 20211209051212.0
008 - FIXED-LENGTH DATA ELEMENTS--GENERAL INFORMATION
fixed length control field 140327s1975 ii b b 00110 eng d
035 ## - SYSTEM CONTROL NUMBER
System control number (BD-RjUL)27867
040 ## - CATALOGING SOURCE
Original cataloging agency DLC
Language of cataloging eng
Transcribing agency DLC
Modifying agency BD-RjUL
041 ## - LANGUAGE CODE
Language code of text/sound track or separate title eng
082 00 - DEWEY DECIMAL CLASSIFICATION NUMBER
Classification number 954.6035
Author mark and year GHK 1975
100 10 - MAIN ENTRY--PERSONAL NAME
Personal name Ghose, Dilip Kumar.
9 (RLIN) 85306
245 10 - TITLE STATEMENT
Title Kashmir in transition, 1885-1893 /
Statement of responsibility, etc. Dilip Kumar Ghose.
260 0# - PUBLICATION, DISTRIBUTION, ETC. (IMPRINT)
Place of publication, distribution, etc. Calcutta :
Name of publisher, distributor, etc. World Press,
Date of publication, distribution, etc. 1975.
300 ## - PHYSICAL DESCRIPTION
Pagination xv, 261 p. :
Illustrations map ;
Size 22 cm.
500 ## - GENERAL NOTE
General note Originally presented as the author's thesis, University of London, 1963.
504 ## - BIBLIOGRAPHY, ETC. NOTE
Bibliography, etc Bibliography: p. 232-256. and index.
651 #0 - SUBJECT ADDED ENTRY--GEOGRAPHIC NAME
Geographic name Kashmir
General subdivision History.
9 (RLIN) 85307
942 ## - ADDED ENTRY ELEMENTS (KOHA)
Source of classification or shelving scheme Dewey Decimal Classification
Koha item type Books
Holdings
Lost status Source of classification or shelving scheme Damaged status Not for loan Collection code Permanent Location Current Location Shelving location Date acquired Source of acquisition Cost, normal purchase price Total Checkouts Full call number Date last seen Copy number Koha item type
  Dewey Decimal Classification     Non-fiction Central Library, University of Rajshahi Central Library, University of Rajshahi   07/03/1998 Dhaka, Aligarh Library. 35.00   954.6035 GHK 1975 27/03/2014 C-4 Books
  Dewey Decimal Classification     Non-fiction Central Library, University of Rajshahi Central Library, University of Rajshahi   27/07/1996 Dhaka, Ankur prokashani 35.00   954.6035 GHK 1975 27/03/2014 C-2 Books
  Dewey Decimal Classification     Non-fiction Central Library, University of Rajshahi Central Library, University of Rajshahi   07/03/1998 Aligorh Library, Dhaka 35.00   954.6035 GHK 1975 17/11/2016 C-3 Books
  Dewey Decimal Classification   Not For Loan Non-fiction Central Library, University of Rajshahi Central Library, University of Rajshahi Reading Room 27/07/1996 Aligorh Library, Dhaka 35.00   954.6035 GHK 1975 13/02/2017 C-1 Books